000 00807nam a2200217 a 4500
003 0
005 20250318153149.0
008 071127s19uu xx 00 eng d
050 _aPGS RA 645.N87.F37
_b.C346 2007
100 _aCastaneda, Juan Miguel.
245 _aRelationship of fast food eating habits on physical well - being /
_cJuan Miguel Castaneda.
260 _aLas PiƱas City, Philippines :
_bSouthville International School and Colleges,
_c2007.
300 _a33 pages :
_billustrations ;
_c28 cm.
504 _aIncludes bibliographical references.
650 _aFast food
_vHealth aspects.
650 _aNutrition
_vHealth aspects
_vChildren.
650 _aEating habits
_vHealth aspects.
650 _aChild nutrition.
650 _aObesity in children
_vRisk factors.
942 _2lcc
_cPASS
999 _c97694
_d97694